Rozhodovanie v riadení priemyselného podniku

Na minha lista:
Detalhes bibliográficos
Autor principal: Jassinger, Alfréd
Outros Autores: Pinka, Dušan
Formato: Livro
Idioma:eslovaco
Publicado em: Bratislava Práca 1989
Edição:1. vyd.
Tags: Adicionar Tag
Sem tags, seja o primeiro a adicionar uma tag!

MARC

LEADER 00000nam a2200000 4500
001 c028609
005 20221215071430.9
041 0 |a slo 
044 |a SK 
245 1 0 |a Rozhodovanie v riadení priemyselného podniku  |c Alfréd Jassinger, Dušan Pinka 
250 |a 1. vyd. 
264 1 |a Bratislava  |b Práca  |c 1989 
300 |a 259 s. 
100 1 |a Jassinger, Alfréd 
700 1 |a Pinka, Dušan